<?xml version="1.0" encoding="UTF-8"?>
<record
    xmlns:xsi="http://www.w3.org/2001/XMLSchema-instance"
    xsi:schemaLocation="http://www.loc.gov/MARC21/slim http://www.loc.gov/standards/marcxml/schema/MARC21slim.xsd"
    xmlns="http://www.loc.gov/MARC21/slim">

  <leader>03285nam a2200301 a 4500</leader>
  <controlfield tag="001">000048035</controlfield>
  <controlfield tag="003">DO-SdBNP</controlfield>
  <controlfield tag="005">20210531123715.0</controlfield>
  <controlfield tag="008">181102s2018    dr ac         000 0 spa d</controlfield>
  <datafield tag="020" ind1=" " ind2=" ">
    <subfield code="a">9789945462999</subfield>
  </datafield>
  <datafield tag="040" ind1=" " ind2=" ">
    <subfield code="a">BPMSU </subfield>
    <subfield code="b">spa</subfield>
    <subfield code="c">BPMSU </subfield>
  </datafield>
  <datafield tag="082" ind1=" " ind2=" ">
    <subfield code="a">972.93054 </subfield>
    <subfield code="b">J85c 2018</subfield>
    <subfield code="2">22</subfield>
  </datafield>
  <datafield tag="245" ind1="0" ind2="0">
    <subfield code="a">Jottin Cury, el canciller de abril /</subfield>
    <subfield code="c">edici&#xF3;n, pr&#xF3;logo y notas Juan Daniel Balc&#xE1;cer.</subfield>
  </datafield>
  <datafield tag="250" ind1=" " ind2=" ">
    <subfield code="a">2a reimpresi&#xF3;n</subfield>
  </datafield>
  <datafield tag="260" ind1=" " ind2=" ">
    <subfield code="a">Santo Domingo :</subfield>
    <subfield code="b">Comisi&#xF3;n Permanente de Efem&#xE9;rides Patrias.,</subfield>
    <subfield code="c">2018.</subfield>
  </datafield>
  <datafield tag="300" ind1=" " ind2=" ">
    <subfield code="a">v. :</subfield>
    <subfield code="b">il., retrs. ;</subfield>
    <subfield code="c">23 cm.</subfield>
  </datafield>
  <datafield tag="490" ind1="0" ind2=" ">
    <subfield code="a">50 Aniversario de la Gesta Patri&#xF3;tica de Abril de 1965</subfield>
    <subfield code="v">7</subfield>
  </datafield>
  <datafield tag="500" ind1=" " ind2=" ">
    <subfield code="a">Incluye referencias bibliogr&#xE1;ficas y notas al pie de las p&#xE1;ginas</subfield>
  </datafield>
  <datafield tag="500" ind1=" " ind2=" ">
    <subfield code="a">Incluye datos biogr&#xE1;ficos de los autores en las solapas</subfield>
  </datafield>
  <datafield tag="505" ind1="0" ind2=" ">
    <subfield code="a">Contenido: ensayos, art&#xED;culos, entrevistas  -- Aspectos internacionales y negociaciones en la contienda --Nuestro antinorteamericanismo --Gobierno constitucional de la RD. Declaraci&#xF3;n sobre el informe de la Comisi&#xF3;n de Crimin&#xF3;logos de la OEA --Exposici&#xF3;n ante la Segunda Conferencia Interamericana --  Mis vivencias del 24 de abril, 45 a&#xF1;os despu&#xE9;s de la guerra --Rep&#xFA;blica Dominicana: causas y consecuencias de la invasi&#xF3;n norteamericana de 1065 --Testimonio de Jottin Cury: La ONU , Caama&#xF1;o y yo --El 24 de abril de 1965 y la opini&#xF3;n p&#xFA;blica mundial --Bosch postul&#xF3; tesis de un gobierno fuerte con el respaldo de las mayor&#xED;as populares --Democracia de papel, llama un l&#xED;der perredeista al gobierno actual --Considera envenenada oferta de OEA a los constitucionalistas. DECLARACIONES A LA PRENSA EN 1965: --Gobierno denuncia hacen genocidio --Ministro Jottin Cury denuncia serie atropellos en parte alta de la ciudad --Ministro Cury refuta pronunciamiento de Rusk --Canciller refuta afirmaci&#xF3;n secretario general de la OEA --RD protesta tutela --El gobierno exige salida --Cury protesta atropello en SFM --ADOMA hace solicitud a canciller Jottin Cury --Canciller dice pueblo tiene batalla ganada --Canciller afirma RD mantiene protesta --Protesta violaci&#xF3;n --Genocidio es horripilante. Canciller dice no sorprende --Maniobra contra la RD? Piden que ONU env&#xED;e comisi&#xF3;n de derechos humanos --En marcha la agresi&#xF3;n yanqui a la RD informa a jefes de estado --Esperan soluci&#xF3;n pronta dice Cury: ser&#xE1; loa pr&#xF3;xima semana --Canciller Cury denuncia violaciones de cese al fuego __ONU podr&#xED;a resolver el caso de RDE, dice Cury -Canciller afirma conversaciones han llegado a un punto muerto. --Rechazan acusaci&#xF3;n del PCD --Gobierno aceptar&#xED;a acuerdo rueda de prensa --El gobierno constitucional env&#xED;a cable a secretario U Thant. Epistolario Cablegramas y otros documentos,   : -- La raz&#xF3;n de Jottin (Narciso Isa Conde) --Jottin Cury: barahonero tenas (Virgilio Gautreaux) --Jottin Cury en el af&#xE1;n nacionalista del perrede&#xED;smo combatiente (Sebasti&#xE1;n del Pilar S&#xE1;nchez).</subfield>
  </datafield>
  <datafield tag="590" ind1=" " ind2=" ">
    <subfield code="a">Inventariado, 2021/VM</subfield>
  </datafield>
  <datafield tag="600" ind1=" " ind2="4">
    <subfield code="a">Cury El&#xED;as, Jottin,</subfield>
    <subfield code="d">1920-2011</subfield>
  </datafield>
  <datafield tag="651" ind1=" " ind2="4">
    <subfield code="a">Rep&#xFA;blica Dominicana</subfield>
    <subfield code="x">Historia </subfield>
    <subfield code="y">Revoluci&#xF3;n,1965</subfield>
  </datafield>
  <datafield tag="700" ind1="1" ind2=" ">
    <subfield code="a">Balc&#xE1;cer, Juan Daniel,</subfield>
    <subfield code="e">pr&#xF3;l. </subfield>
  </datafield>
  <datafield tag="710" ind1="2" ind2=" ">
    <subfield code="a">Comisi&#xF3;n Permanente de Efem&#xE9;rides Patrias (Rep&#xFA;blica Dominicana)</subfield>
  </datafield>
  <datafield tag="830" ind1=" " ind2="0">
    <subfield code="a">Colecci&#xF3;n 50 Aniversario de la Gesta Patri&#xF3;tica de Abril de 1965</subfield>
  </datafield>
  <datafield tag="942" ind1=" " ind2=" ">
    <subfield code="2">ddc</subfield>
    <subfield code="c">BK</subfield>
  </datafield>
  <datafield tag="952" ind1=" " ind2=" ">
    <subfield code="0">0</subfield>
    <subfield code="1">0</subfield>
    <subfield code="2">ddc</subfield>
    <subfield code="4">0</subfield>
    <subfield code="7">0</subfield>
    <subfield code="8">CD</subfield>
    <subfield code="a">BPMET</subfield>
    <subfield code="b">BPMET</subfield>
    <subfield code="d">2021-05-31</subfield>
    <subfield code="e">Editora B&#xFA;ho</subfield>
    <subfield code="o">BPMSU CD 972.93054 J85c 2018</subfield>
    <subfield code="p">BPMSU21050184</subfield>
    <subfield code="r">2021-05-31</subfield>
    <subfield code="w">2021-05-31</subfield>
    <subfield code="y">BK</subfield>
  </datafield>
  <datafield tag="952" ind1=" " ind2=" ">
    <subfield code="0">0</subfield>
    <subfield code="1">0</subfield>
    <subfield code="2">ddc</subfield>
    <subfield code="4">0</subfield>
    <subfield code="7">0</subfield>
    <subfield code="8">CD</subfield>
    <subfield code="a">BPMET</subfield>
    <subfield code="b">BPMET</subfield>
    <subfield code="d">2021-05-31</subfield>
    <subfield code="e">Editora B&#xFA;ho</subfield>
    <subfield code="o">BPMSU CD 972.93054 J85c 2018</subfield>
    <subfield code="p">BPMSU21050185</subfield>
    <subfield code="r">2021-05-31</subfield>
    <subfield code="t">e.2</subfield>
    <subfield code="w">2021-05-31</subfield>
    <subfield code="y">BK</subfield>
  </datafield>
  <datafield tag="999" ind1=" " ind2=" ">
    <subfield code="c">13546</subfield>
    <subfield code="d">13546</subfield>
  </datafield>
</record>
